| 000 | 00000nam##2200000za#4500 |
| 001 | 9.695877 |
| 003 | CaOODSP |
| 005 | 20210624234758 |
| 007 | cr ||||||||||| |
| 008 | 150407|2002||||xxc|||||o f|0| 0 eng|d |
| 040 | |aCaOODSP|beng |
| 043 | |an-cn--- |
| 086 | 1 |aH39-597/2002E-PDF |
| 110 | 1 |aCanada. |bHealth Canada. |
| 245 | 10|aProtecting the health and safety of Canadians : |h[electronic resource]|bthe Centre for Emergency Preparedness and Response |
| 260 | |aOttawa - Ontario : |bHealth Canada |cc2002. |
| 300 | |a8p.|bphotographs |
| 500 | |aIncorrect catalogue number (H39-597/2002-MRC) and ISBN (0-662-66581-3) copied in this electronic publication. |
| 590 | |a12-08-Supp|b2012-03-16 |
| 690 | 07|aEmergency preparedness|2gcpds |
| 775 | 08|tPour protéger la santé et assurer la sécurité des Canadiens : |w(CaOODSP)9.640000 |
| 776 | 0#|tProtecting the health and safety of Canadians: the Centre for Emergency Preparedness and Response |w(CaOODSP)9.663339 |
| 776 | 0#|tProtecting the health and safety of Canadians: the Centre for Emergency Preparedness and Response |w(CaOODSP)9.663753 |
| 776 | 0#|tPour protéger la santé et assurer la sécurité des Canadiens: le Centre de mesures et d'interventions d'urgence |w(CaOODSP)9.663754 |
| 776 | 0#|tPour protéger la santé et assurer la sécurité des Canadiens: le Centre de mesures et d'interventions d'urgence |w(CaOODSP)9.663340 |
| 856 | 40|ahttp://publications.gc.ca|qPDF|s176 KB|uhttps://publications.gc.ca/collections/Collection/H39-597-2002E.pdf |